000 01279nam a2200313Ia 4500
001 ebr10359308
003 CaPaEBR
006 m u
007 cr cn|||||||||
008 090604s2010 maua sb 001 0 eng d
020 _z1584506997 (pbk.)
020 _z9781584506997 (pbk.)
040 _aCaPaEBR
_cCaPaEBR
035 _a(OCoLC)560659464
050 1 4 _aHV8079.C65
_bB76 2010eb
100 1 _aBrown, Christopher L. T.
245 1 0 _aComputer evidence
_h[electronic resource] :
_bcollection and preservation /
_cChristopher L.T. Brown.
250 _a2nd ed.
260 _aBoston, Mass. :
_bCourse Technology/Cengage Learning,
_cc2010.
300 _axxvii, 518 p. :
_bill.
500 _aPrevious ed.: Hingham, Mass.: Charles River Media, 2005.
504 _aIncludes bibliographical references and index.
533 _aElectronic reproduction.
_bPalo Alto, Calif. :
_cebrary,
_d2010.
_nAvailable via World Wide Web.
_nAccess may be limited to ebrary affiliated libraries.
650 0 _aComputer crimes
_xInvestigation.
650 0 _aCriminal investigation.
655 7 _aElectronic books.
_2local
710 2 _aebrary, Inc.
856 4 0 _uhttp://site.ebrary.com/lib/rucke/Doc?id=10359308
_zAn electronic book accessible through the World Wide Web; click to view
999 _c208964
_d208964